LEADER 00855nam0 2200253 450 001 000027381 005 20100208102442.0 010 $a3-10-373501-4 100 $a20100208d1950----km-y0itaa50------ba 101 0 $ager 102 $aDE 200 1 $aMeistererzählungen$fArthur Schnitzler 210 $aFrankfurt am Main$cFischer$dc1950 215 $a526 p.$d21 cm. 676 $a833.912$v(21. ed.)$9Narrativa tedesca. 1900-1945 700 1$aSchnitzler,$bArthur$0320902 801 0$aIT$bUniversitą della Basilicata - B.I.A.$gRICA$2unimarc 912 $a000027381 996 $aMeistererz?hlungen$994466 997 $aUNIBAS BAS $aLETTERE CAT $aEXT10$b01$c20100208$lBAS01$h1024 FMT Z30 -1$lBAS01$LBAS01$mBOOK$1BASA1$APolo Storico-Umanistico$2FMAS$BFondo Masini$3FMas/817/3446$6817/3446$5B817/3446$820100208$f04$FPrestabile Didattica